| 000 | 00902nam a22002417a 4500 | ||
|---|---|---|---|
| 005 | 20120806164257.0 | ||
| 008 | 120806t xxu||||| |||| 00| 0 eng d | ||
| 010 | _aENG-105512 | ||
| 020 |
_a9788171324231 _c650.00 |
||
| 035 | _aEN-89045 | ||
| 037 | _bDBAD/PUB | ||
| 040 |
_aDPL _bEng |
||
| 082 | _a371.3 | ||
| 100 | 1 |
_aSrinivasan,T.M. _950809 |
|
| 245 | 1 | 0 |
_aInstructional technology / _cby T.M. Srinivasan |
| 260 |
_aJaipur _bPointer Publishers _c2005 |
||
| 270 |
_a807, Vyas Building, Chaura Rasta _bJaipur _e302003 |
||
| 300 |
_avi,248p. : _c23cm(Hb) _bill. |
||
| 500 | _aIncludes bibliographical references and index. | ||
| 942 |
_2ddc _cEN _h371.3 _mSRI |
||
| 999 |
_c68917 _d68917 |
||